Vegetative propagation of acacia mangium x acacia auriculiformis : Handbook

Bibliographic Details
Main Author: KIJKAR
Format: Book
Published: Saraburi, Thailand : ASEAN-Canada Forest Tree Seed Centre Project , 1992
Subjects:

MARC

LEADER 00000cam a2200000 7i4500
001 0000000373
005 20031020.0
020 0 0 |a 9748007006 
090 0 0 |a 583.748   |b KIJ 1992 
100 1 0 |a KIJKAR   |h Somyos 
245 1 0 |a Vegetative propagation of acacia mangium x acacia auriculiformis :   |b Handbook   |c Somyos Kijkar 
260 0 0 |a Saraburi, Thailand :   |b ASEAN-Canada Forest Tree Seed Centre Project ,   |c 1992 
300 |a 19 p. :   |b col. ill. ;   |c 25 cm. 
500 0 0 |a Bibliography: [p. 18-19] 
650 0 0 |a Acacia 
650 0 0 |a Plant propagation 
998 |a JPSM 
999 |a 0000001602   |b Monograph   |c Open Shelf   |e Default branch 
999 |a 0000005854   |b Monograph   |c Open Shelf   |e Default branch